UBT Library

Adult obesity therapy / (Record no. 40471)

000 -LEADER
fixed length control field 00653cam a2200241 a 4500
001 - CONTROL NUMBER
control field 4329200
005 - DATE AND TIME OF LATEST TRANSACTION
control field 20180118071130.0
008 - FIXED-LENGTH DATA ELEMENTS--GENERAL INFORMATION
fixed length control field 880706s1989 nyua b 001 0 eng c
010 ## - LIBRARY OF CONGRESS CONTROL NUMBER
LC control number 88022423
020 ## - INTERNATIONAL STANDARD BOOK NUMBER
International Standard Book Number 0080355560 :
Terms of availability $22.50 (est.)
020 ## - INTERNATIONAL STANDARD BOOK NUMBER
International Standard Book Number 0080355552 (pbk.) :
Terms of availability $12.95 (est.)
040 ## - CATALOGING SOURCE
Original cataloging agency DNLM/DLC
Transcribing agency DLC
Modifying agency DLC
041 ## - LANGUAGE CODE
Language code of text/sound track or separate title eng
060 ## - NATIONAL LIBRARY OF MEDICINE CALL NUMBER
Classification number WD 210 L449a
080 ## - UNIVERSAL DECIMAL CLASSIFICATION NUMBER
Universal Decimal Classification number 616.39806 MIC
082 00 - DEWEY DECIMAL CLASSIFICATION NUMBER
Classification number 616.39806 MIC
Edition number 19
100 1# - Rafti
Rafti 3
101 ## - Shkurtesa
Shkurtesa SHM
245 10 - TITLE STATEMENT
Title Adult obesity therapy /
Statement of responsibility, etc Michael D. LeBow.
504 ## - BIBLIOGRAPHY, ETC. NOTE
Bibliography, etc Bibliography: p. 119-126.
906 ## - LOCAL DATA ELEMENT F, LDF (RLIN)
a 7
b cbc
c orignew
d 1
e ocip
f 19
g y-gencatlg
942 ## - ADDED ENTRY ELEMENTS (KOHA)
Source of classification or shelving scheme
Item type Books
Holdings
Withdrawn status Lost status Source of classification or shelving scheme Damaged status Not for loan Collection code Permanent location Current location Shelving location Date acquired Total Checkouts Full call number Barcode Date last seen Price effective from Koha item type
          Koleksioni i përgjithshem UBT - Lipjan UBT - Lipjan Koleksioni i përgjithshem 01/18/2018   616.39806 MIC 002-2995838 01/18/2018 01/18/2018 Books
UBT Library © 2015-2024. All rights reserved University Education for Business and Technology